Antología de cuentos clásicos infanto-juveniles de la literatura universal / (Registro nro. 7226)

Detalles MARC
000 -LIDER
fixed length control field 01118nam a2200325 u 4500
001 - NÚMERO DE CONTROL
Identificador de número de control 000020289
003 - IDENTIFICACDOR DE NÚMERO DE CONTROL
control field DO-SdBNP
005 - DATE AND TIME OF LATEST TRANSACTION
control field 20210518075114.0
007 - CAMPOS FIJOS DE DESCRIPCIÓN FÍSICA
fixed length control field 000020289
008 - ELEMENTOS DE LONGITUD FIJA
fixed length control field 100804s2007 dr a r 000 0 spa d
020 ## - ISBN
International Standard Book Number 9945404121
040 ## - FUENTE DE CATALOGACIÓN
Agencia que crea de manera original el registro BPMSU
Idioma de catalogación spa
Agencia que realiza la transcripción BPMSU
082 ## - NÚMERO DE CLASIFICACIÓN DECIMAL DE DEWEY
Classification number 808.08
Item number A634c
Edition number 22
245 10 - MENCIÓN DE TITULO
Título Antología de cuentos clásicos infanto-juveniles de la literatura universal /
Mención de responsabilidad recopilación Basilio Belliard ... [et.al.]
260 ## - PUBLICACIÓN, DISTRIBUCIÓN, ETC. (PIE DE IMPRENTA)
Lugar de publicación, distribución, etc Santo Domingo, :
Nombre del editor, distribuidor, etc. Secretaría de Estado de Cultura,
Fecha de publicación, distribución, etc 2007.
300 ## - DESCRIPCIÓN FÍSICA
Extensión 139 p. :
Otros detalles físicos il. ;
Dimensiones 29 cm.
500 ## - NOTA GENERAL
Nota general Dirección General del Libro y la Lectura año del libro y la lectura hacia un país de lecturas
590 ## - NOTA LOCAL
Enlace Inventariado, 2021/VM
650 #4 - ENCABEZAMIENTO DE MATERIA--TEMÁTICO
Término temático o nombre geográfico como elemento de entrada Cuentos infantiles
Subdivisión de forma Colecciones
650 #4 - ENCABEZAMIENTO DE MATERIA--TEMÁTICO
Término temático o nombre geográfico como elemento de entrada Literatura infantil
650 #4 - ENCABEZAMIENTO DE MATERIA--TEMÁTICO
Término temático o nombre geográfico como elemento de entrada Cuentos juveniles
650 #4 - ENCABEZAMIENTO DE MATERIA--TEMÁTICO
Término temático o nombre geográfico como elemento de entrada Literatura juvenil
700 ## - ASIENTO SECUNDARIO -- NOMBRE PERSONAL
Nombre personal Belliard, Basilio
Mención de responsabilidad comp.
710 2# - ASIENTO SECUNDARIO -- NOMBRE CORPORATIVO
Nombre corporativo o de jurisdicción Secretaria de Estado de Cultura (República Dominicana)
942 ## - ADDED ENTRY ELEMENTS (KOHA)
Source of classification or shelving scheme Dewey Decimal Classification
Koha item type Libros
956 ## - LOCAL ELECTRONIC LOCATION AND ACCESS (OCLC)
Nombre de host
Número de acceso
Información de compresión
Inicio de sesión
Procesador de solicitud
956 ## - LOCAL ELECTRONIC LOCATION AND ACCESS (OCLC)
Nombre de host
Número de acceso
Información de compresión
Inicio de sesión
Procesador de solicitud
956 ## - LOCAL ELECTRONIC LOCATION AND ACCESS (OCLC)
Nombre de host
Número de acceso
Información de compresión
Inicio de sesión
Procesador de solicitud
956 ## - LOCAL ELECTRONIC LOCATION AND ACCESS (OCLC)
Nombre de host
Número de acceso
Información de compresión
Inicio de sesión
Procesador de solicitud
Existencias
Withdrawn status Lost status Source of classification or shelving scheme Damaged status Not for loan Collection code Home library Current library Date acquired Source of acquisition Total Checkouts Full call number Barcode Date last seen Price effective from Koha item type Copy number
    Dewey Decimal Classification     Colección Dominicana Biblioteca Pública Metropolitana Salomé Ureña Biblioteca Pública Metropolitana Salomé Ureña 01/27/2015 FUNDI   BPMSU CID 808.08 A634c 2007 BPMSU15040746 01/27/2015 01/27/2015 Libros  
    Dewey Decimal Classification     Colección Infantil Dominicana Biblioteca Pública Metropolitana Salomé Ureña Biblioteca Pública Metropolitana Salomé Ureña 01/27/2015 FUNDI   BPMSU CID 808.08 A634c 2007 BPMSU15040747 01/27/2015 01/27/2015 Libros e. 2
    Dewey Decimal Classification     Colección Dominicana Biblioteca Pública Metropolitana Salomé Ureña Biblioteca Pública Metropolitana Salomé Ureña 01/29/2015     808 A634c BPMSU15040748 01/29/2015 01/29/2015 Libros e. 3